Afraid of Heights - boygenius (Lyrics) - Statistics

General Stats
  • This quiz has been taken 89 times
    86 since last reset
  • The average score is 220 of 268
Answer Stats
Answer % Correct
a
100%
A
100%
afraid
100%
heights
100%
I
100%
"I
100%
I'm
100%
know
100%
Know
100%
of
100%
that
100%
That
100%
to
100%
when
100%
When
100%
you
100%
You
100%
But
98%
don't
98%
for
98%
made
98%
me
98%
the
98%
Told
98%
told
98%
up
98%
wanna
98%
and
96%
And
96%
at
96%
forever
96%
fucked
96%
my
96%
called
95%
cliff
95%
climb
95%
die
95%
live
95%
night
95%
tonight"
95%
want
95%
It
93%
it
93%
test
91%
coward
89%
jump
89%
On
89%
on
89%
courage
87%
declined
87%
got
87%
in
87%
Like
87%
replied
87%
wanted
87%
be
85%
cube
84%
sugar
84%
water
84%
one
82%
were
82%
we're
82%
breath
80%
ever
80%
held
80%
teacup
80%
black
78%
came
78%
crane
78%
death"
78%
death
78%
'til
78%
your
78%
ate
76%
down
76%
makin'
76%
dream
75%
point
75%
man's
73%
what
73%
never
71%
another
69%
is
69%
not
69%
Not
69%
remember
69%
Didn't
67%
just
67%
rich
67%
with
67%
been
65%
life
65%
say
65%
so
65%
way
65%
downtown
64%
fires
64%
it's
64%
now
64%
brought
62%
construction
62%
If
62%
There's
62%
they
62%
took
62%
you'd
62%
boring
60%
"Cause
60%
funny
58%
half-built
58%
I've
58%
laughed
58%
liked
58%
proud
58%
sites
58%
townhouse
58%
vibrant
58%
catch
56%
motorcycle
55%
seen
55%
crybaby
53%
rode
53%
smoked
53%
was
53%
take
51%
teary
51%
you're
49%
cigarette
47%
gets
45%
everybody
44%
risk
44%
chance
42%
dangerous
42%
isn't
42%
hope
40%
hurts
40%
more
40%
Tellin'
40%
future
38%
How
38%
run
38%
before
36%
better
36%
disappointment
36%
than
36%
Will
35%
believe
33%
stuck
33%
Oh
31%
entropy
25%
No matching quizzes found
Score Distribution
Percent of People with Each Score
Percentile by Number Answered
Your Score History
You have not taken this quiz since the last reset